[Event "Regionalliga North North"]
[Site "Germany"]
[Round "0"]
[White "Van Riesen Klaus (GER)"]
[Black "Tawakol Kai (GER)"]
[Result "1-0"]
[WhiteElo "2053"]
[BlackElo "2135"]

1.c4 c5 2.Nc3 Nc6 3.Nf3 Nd4 4.e3 Nxf3+ 5.Qxf3 g6 6.b3 Bg7 7.Bb2 d6 8.h3 h5
9.Bd3 Nh6 10.O-O-O Rb8 11.Rdg1 Bd7 12.Qe2 h4 13.g3 Qc8 14.g4 a6 15.f4 Bc6
16.Rh2 Qd7 17.Rf2 b5 18.e4 Bd4 19.g5 Ng8 20.f5 e5 21.fxe6 fxe6 22.Rgf1 Ne7
23.Rf7 b4 24.Nd1 Bxb2+ 25.Kxb2 e5 26.Qe3 Qd8 27.Rg7 a5 28.Rff7 Rb7 29.Qf2 a4
30.Qf6 axb3 31.Rxe7+ Rxe7 32.Rxe7+ Qxe7 33.Qxh8+ Kd7 34.Qxh4 bxa2 35.Kxa2 Kc8
36.Qh8+ Be8 37.Kb1 Kc7 38.Bc2 Bc6 39.h4 Qf7 40.d3 Kb6 41.Qf6 Qxf6 42.gxf6 Be8
43.Ba4 Bf7 44.Ne3 {#r} 1-0

[Event "Cup Yugoslavia"]
[Site "Pula (Croatia)"]
[Round "0"]
[White "Galic Zeljko (BIH)"]
[Black "Tosic Miroslav (SRB)"]
[Result "0-1"]
[WhiteElo "2293"]
[BlackElo "2408"]

1.c4 c5 2.Nc3 Nc6 3.e3 d6 4.Nf3 g6 5.d4 Bg4 6.Be2 Bg7 7.O-O Nf6 8.b3 O-O 9.Bb2
cxd4 10.Nxd4 Bd7 11.Bf3 Rb8 12.Qd2 Ne5 13.Be2 Qa5 14.Rfd1 Rfc8 15.Rac1 a6
16.h3 Kf8 17.a3 Be8 18.f4 Ned7 19.Bf3 Qc5 20.Kh1 Kg8 21.Rc2 Qa7 22.Nd5 Nxd5
23.cxd5 Rxc2 24.Qxc2 Nc5 25.Rc1 Bd7 26.Qd2 Qb6 27.b4 Na4 28.Ba1 Qd8 29.Rc2 Nb6
30.Nc6 bxc6 31.Bxg7 cxd5 32.Ba1 Be6 33.Rc6 f6 34.Bd4 Kg7 35.Rxb6 Rxb6 36.Bxb6
Qxb6 37.Bxd5 Bxd5 38.Qxd5 Qxe3 39.Qc4 Qxa3 40.Qe6 Qc1+ 41.Kh2 Qxf4+ 42.Kh1 Qe5
{#R} 0-1

[Event "Tournament"]
[Site "Mesa (Spain)"]
[Round "0"]
[White "Iglesias Jorge (ARG)"]
[Black "Sion Castro Marcelino (ESP)"]
[Result "0-1"]
[WhiteElo "2284"]
[BlackElo "2390"]

1.c4 c5 2.Nc3 Nc6 3.Nf3 g6 4.e3 Nf6 5.d4 cxd4 6.exd4 d5 7.Bg5 Ne4 8.cxd5 Nxc3
9.bxc3 Qxd5 10.Be2 Bg7 11.O-O O-O 12.Qb3 Qd6 13.Rad1 Na5 14.Qa4 b6 15.Rfe1 e6
16.Bc1 Bd7 17.Bb5 Bxb5 18.Qxb5 Rfc8 19.Ng5 Qc6 20.Qxc6 Rxc6 21.Rd3 Rac8
22.Ree3 h6 23.Ne4 Rd8 24.Rh3 f5 25.Ng3 e5 26.Ne2 exd4 27.Bxh6 Re8 28.Kf1 Rce6
29.cxd4 Rxe2 30.Bd2 Nc4 31.Bb4 a5 32.Bc3 Rxa2 33.g4 fxg4 34.Rhg3 Rf8 35.Rxg4
Rfxf2+ 36.Kg1 Rfc2 37.Be1 Re2 38.Bc3 Rac2 39.Kf1 Ne3+ {#R} 0-1

[Event "Tournament"]
[Site "Buenos Aires (Argentina)"]
[Round "2"]
[White "Bronstein Luis (ARG)"]
[Black "Ricardi Pablo (ARG)"]
[Result "0-1"]
[WhiteElo "2359"]
[BlackElo "2465"]

1.c4 c5 2.Nc3 Nc6 3.Nf3 g6 4.e3 Bg7 5.d4 Nf6 6.d5 Na5 7.e4 O-O 8.Be2 d6 9.Bg5
a6 10.O-O h6 11.Bf4 e5 12.dxe6 Bxe6 13.Bxd6 Re8 14.e5 Nd7 15.Nd5 Bxd5 16.cxd5
Nxe5 17.Bxe5 Bxe5 18.Nxe5 Rxe5 19.Bf3 Qg5 20.Qa4 b6 21.Rad1 Rd8 22.d6 Rf5
23.Qe4 Re5 24.Qd3 Qf6 25.d7 Re7 26.b3 Rdxd7 27.Qxd7 Rxd7 28.Rxd7 Nc6 {#R} 0-1

[Event "It (cat.3)"]
[Site "Bagneux (France)"]
[Round "6"]
[White "Nizard Roger (FRA)"]
[Black "Stempin Pawel (POL)"]
[Result "0-1"]
[WhiteElo "2163"]
[BlackElo "2362"]

1.c4 c5 2.Nc3 Nc6 3.Nf3 Nd4 4.e3 Nxf3+ 5.Qxf3 g6 6.b3 Bg7 7.Bb2 d6 8.h3 Rb8
9.Be2 Bd7 10.O-O Bc6 11.Qg3 Nh6 12.Bd3 O-O 13.Rad1 a6 14.f4 f5 15.Ba1 e5
16.Nd5 e4 17.Bxg7 Kxg7 18.Bb1 Bxd5 19.cxd5 Qf6 20.d3 exd3 21.Bxd3 Rbe8 22.Rfe1
Re7 23.a4 Qc3 24.Bc4 Rfe8 25.Rc1 Qb4 26.Rb1 Ng8 27.Qf3 Nf6 28.Bd3 Qc3 29.Rbd1
Qxb3 30.e4 fxe4 31.Bxe4 Qxa4 {#R} 0-1

[Event "Ch World (juniors) (under 16) (g)"]
[Site "Duisburg (Germany)"]
[Round "0"]
[White "Lang Heather (SCO)"]
[Black "Primavera Cinthia (ARG)"]
[Result "0-1"]
[WhiteElo "2002"]
[BlackElo "2013"]

1.c4 c5 2.Nc3 Nc6 3.Nf3 Nf6 4.g3 e5 5.Bg2 g6 6.O-O Bg7 7.d3 O-O 8.Bg5 h6
9.Bxf6 Bxf6 10.Ne4 Be7 11.Qc1 Kh7 12.a3 f5 13.Nc3 Bf6 14.Rb1 d6 15.Nd5 Bg7
16.e3 Be6 17.Ne1 Ne7 18.Nxe7 Qxe7 19.Nc2 Rad8 20.b3 Qd7 21.Rd1 d5 22.Ne1 d4
23.e4 f4 24.f3 h5 25.Qd2 Bh6 26.Qe2 g5 27.Nc2 g4 28.Rf1 Rg8 29.gxf4 gxf3
30.Qxf3 Bg4 31.Qf2 Bxf4 32.Kh1 Rdf8 33.Qe1 Rf6 34.Qh4 Rh6 35.Bf3 Bxf3+ 36.Rxf3
Rg4 37.Qf2 Rhg6 38.Qe2 Qg7 39.Qe1 Rg2 40.Rf2 Bxh2 {#R} 0-1

[Event "Cup Arnold"]
[Site "Gausdal (Norway)"]
[Round "0"]
[White "Silseth Simon (SWE)"]
[Black "Dahl Ingrid (NOR)"]
[Result "1-0"]
[WhiteElo "2297"]
[BlackElo "2130"]

1.c4 c5 2.Nc3 Nc6 3.Nf3 g6 4.e3 Bg7 5.d4 cxd4 6.exd4 d6 7.h3 Nf6 8.d5 Nb8
9.Bd3 O-O 10.O-O Na6 11.Re1 Nd7 12.Bf4 Nac5 13.Bf1 Nb6 14.Rc1 a5 15.Bg5 Re8
16.Qd2 Nbd7 17.Nb5 Nf6 18.Qf4 Bf5 19.Nfd4 Bd3 20.Re3 Bxf1 21.Rxf1 Ncd7 22.Qh4
Nb6 23.b3 a4 24.Rfe1 axb3 25.axb3 Nc8 26.Bxf6 Bxf6 27.Qxf6 {#r} 1-0

[Event "It"]
[Site "Leon (Spain)"]
[Round "0"]
[White "Franco Ocampos Zenon (PAR)"]
[Black "Gulko Boris F (USA)"]
[Result "0-1"]
[WhiteElo "2520"]
[BlackElo "2610"]

1.Nf3 c5 2.c4 Nc6 3.Nc3 Nd4 4.Ng1 Nc6 5.e3 g6 6.Nf3 Bg7 7.d4 d6 8.d5 Na5 9.Bd3
Nf6 10.h3 O-O 11.e4 a6 12.Bg5 b5 13.cxb5 c4 14.Bc2 axb5 15.Nxb5 Qb6 16.a4 Nb3
17.Ra3 Bd7 18.Be3 Qa5+ 19.Nc3 Nxe4 20.Bxe4 Bxc3+ 21.bxc3 Qxc3+ 22.Nd2 Qb4
23.Ra2 f5 24.O-O f4 25.Nxc4 Qxc4 26.Qc2 Qb4 27.Rb2 fxe3 28.Rxb3 exf2+ 29.Kh1
Qd4 30.Bf3 Bxa4 31.Qc3 Qxc3 32.Rxc3 Rac8 33.Rxc8 Rxc8 34.Rxf2 Bb3 35.Rd2 Rc2
36.Rd4 h5 37.Rb4 Ba2 38.Kh2 Rd2 39.Rb5 Bc4 40.Ra5 Ra2 41.Rxa2 Bxa2 42.Be4 h4
43.g3 g5 44.gxh4 gxh4 45.Kg2 e6 46.Kf3 Bxd5 47.Bxd5 exd5 48.Kg4 d4 49.Kf3 d5
50.Ke2 Kf7 51.Kd3 Kf6 52.Kxd4 Ke6 53.Kd3 Ke5 54.Ke3 d4+ {#R} 0-1

[Event "It (open)"]
[Site "Paris (France)"]
[Round "4"]
[White "Moulain Jean-Pierre (FRA)"]
[Black "Delebarre Xavier (FRA)"]
[Result "1-0"]
[WhiteElo "2185"]
[BlackElo "2318"]

1.c4 c5 2.Nc3 Nc6 3.Nf3 g6 4.e3 Bg7 5.d4 d6 6.d5 Ne5 7.Nd2 f5 8.f4 Nf7 9.e4
Nf6 10.Bd3 e6 11.O-O Ng4 12.dxe6 Bxe6 13.exf5 gxf5 14.Qe2 Bd4+ 15.Kh1 Qe7
16.Nf3 Bxc3 17.bxc3 Bd7 18.Qc2 Qf6 19.Re1+ Kf8 20.h3 h5 21.Kg1 Ngh6 22.Bd2 Ng8
23.Re3 Ne7 24.Rae1 Ng6 25.R3e2 Kg7 26.Ng5 Nxg5 27.fxg5 Qf7 28.Bf4 Qf8 29.Qd2
Rd8 30.Bc2 Bc8 31.Ba4 Qf7 32.Bxd6 Qxc4 33.Bb3 {#r} 1-0

[Event "It (open)"]
[Site "Malme (Sweden)"]
[Round "3"]
[White "Eriksson Anders (SWE)"]
[Black "Ernst Thomas (SWE)"]
[Result "1-0"]
[WhiteElo "2279"]
[BlackElo "2570"]

1.c4 c5 2.Nc3 Nc6 3.Nf3 e5 4.e3 Nf6 5.d4 cxd4 6.exd4 e4 7.Ne5 Bb4 8.Be2 Qa5
9.Nxc6 dxc6 10.O-O O-O 11.Qb3 Re8 12.Re1 h6 13.Bd2 Bxc3 14.Qxc3 Qxc3 15.Bxc3
Bf5 16.Bf1 Rad8 17.h3 Rd6 18.g4 Bg6 19.Re3 Red8 20.a4 Nh7 21.f4 exf3 22.Rae1
Nf6 23.Kf2 b6 24.Kxf3 Bc2 25.a5 Kh7 26.Rc1 Bg6 27.axb6 axb6 28.Ra1 b5 29.b3
bxc4 30.bxc4 Rb8 31.Ra3 Rb1 32.Bg2 c5 33.dxc5 Rc6 34.Bd4 Rd1 35.Ke2 Rxd4
36.Bxc6 Rxc4 37.Rac3 Rb4 38.Bf3 Be4 39.Bxe4+ Nxe4 40.Rc2 Nf6 41.c6 Rb8 42.c7
Rc8 43.Rd3 Ne8 44.Rd7 Kg6 45.Kd3 Nxc7 46.Rcxc7 Rf8 47.Ke3 Kf6 48.Kf3 g6 49.h4
Kg7 50.g5 hxg5 51.hxg5 Kg8 52.Kf4 Kg7 53.Ke5 Re8+ 54.Re7 Rf8 55.Ra7 {#r} 1-0

[Event "Ch Poland (corr.)"]
[Site "corr."]
[Round "0"]
[White "Kwiecien Joanna (POL)"]
[Black "Wilk Krzysztof (POL)"]
[Result "0-1"]
[WhiteElo "2085"]
[BlackElo "2116"]

1.c4 c5 2.Nc3 Nc6 3.Nf3 g6 4.d4 cxd4 5.Nxd4 Bg7 6.e3 Nf6 7.Be2 O-O 8.O-O b6
9.Bf3 Bb7 10.b3 Qc8 11.Bb2 Ne5 12.Bxb7 Qxb7 13.f4 Nc6 14.Qf3 Rab8 15.Rad1 Nxd4
16.Qxb7 Rxb7 17.exd4 Nh5 18.Ba3 Re8 19.g4 Nf6 20.h3 e6 21.Nb5 Bf8 22.Bxf8 Rxf8
23.Rde1 d5 24.Nd6 Rd7 25.c5 bxc5 26.dxc5 Kg7 27.b4 Rc7 28.Rc1 Rb8 29.b5 Kf8
30.a4 Ke7 31.a5 Nd7 32.c6 Kxd6 33.cxd7 Rxc1 34.d8=Q+ Rxd8 35.Rxc1 Rb8 36.Rb1
Rb7 37.b6 axb6 38.a6 Ra7 39.Rxb6+ Kc7 40.Rb4 Rxa6 41.Kf2 Ra2+ 42.Kf3 Rh2
43.Kg3 Rc2 44.Rd4 Rc3+ 45.Kg2 Rc4 46.Rd3 Rxf4 {#R} 0-1

[Event "It (open)"]
[Site "Gausdal (Norway)"]
[Round "5"]
[White "Christensen Tobias (DEN)"]
[Black "Saether Oystein (NOR)"]
[Result "1-0"]
[WhiteElo "2365"]
[BlackElo "2134"]

1.c4 c5 2.Nc3 Nc6 3.e3 g6 4.d4 Bg7 5.Nf3 d6 6.d5 Ne5 7.Nxe5 Bxe5 8.Qc2 Bg7
9.e4 Nf6 10.Bd3 Ng4 11.h3 Ne5 12.Be2 O-O 13.f4 Nd7 14.Be3 a6 15.O-O Rb8 16.a4
b6 17.Rad1 Nf6 18.Bf3 Ne8 19.Rfe1 Nc7 20.Bf2 b5 21.e5 bxc4 22.Bh4 Bf5 23.Be4
Bc8 24.Bf3 Bf5 25.Be4 Bc8 26.Re2 Ne8 27.Bf3 Bf5 28.Be4 Bc8 29.Bf3 Bf5 30.Qd2
dxe5 31.fxe5 f6 32.d6 exd6 33.Bd5+ Kh8 34.e6 Qe7 35.Bxc4 Nc7 36.Bg3 Bxe6
37.Bxd6 Qf7 38.Bxe6 Nxe6 39.Bxb8 Rxb8 40.Qd6 Re8 41.Rde1 Bf8 42.Qd5 {#r} 1-0

[Event "It (open) (c)"]
[Site "Skovde (Sweden)"]
[Round "6"]
[White "Naes Flovin Tor (FAI)"]
[Black "Agopov Mikael (FIN)"]
[Result "0-1"]
[WhiteElo "2210"]
[BlackElo "2453"]

1.c4 c5 2.Nc3 Nc6 3.Nf3 g6 4.e3 Bg7 5.d4 d6 6.d5 Nb8 7.Bd3 Nf6 8.e4 Nbd7 9.Be3
O-O 10.Qc2 Ng4 11.Bf4 Rb8 12.h3 Nge5 13.Nxe5 Nxe5 14.Be2 a6 15.a4 f5 16.Bxe5
Bxe5 17.exf5 Bxf5 18.Bd3 Qa5 19.Bxf5 Rxf5 20.O-O Qb4 21.Rfe1 Qxc4 22.a5 Qf4
23.g3 Qf3 24.Re3 Qh5 25.g4 Rg5 26.Ne4 Rf8 27.Nxg5 Qxg5 28.Re4 Bd4 29.Rf1 Qxd5
30.Kg2 e5 31.b3 Qf7 32.f4 d5 33.Ree1 exf4 34.Qe2 Bc3 35.Rc1 d4 36.Qe4 g5
37.Rf3 Re8 38.Qc2 Qd5 39.Kf2 Re3 40.Rxe3 dxe3+ 41.Kg1 Bd4 42.Qa2 e2+ 43.Kh2
Qf3 {#R} 0-1

[Event "Ch Hungary (team)"]
[Site "Hungary"]
[Round "0"]
[White "Karsa Laszlo (HUN)"]
[Black "Balogh Bela (HUN)"]
[Result "1-0"]
[WhiteElo "2331"]
[BlackElo "2230"]

1.c4 c5 2.Nc3 Nc6 3.Nf3 g6 4.e3 d6 5.d4 Bg4 6.Be2 Bg7 7.d5 Bxf3 8.Bxf3 Ne5
9.Be2 Nf6 10.e4 O-O 11.O-O a6 12.a4 Qc7 13.Be3 e6 14.f4 Ned7 15.dxe6 fxe6
16.Qd2 Rad8 17.g4 Nb8 18.f5 gxf5 19.gxf5 Qe7 20.Kh1 Kh8 21.Bg5 Nc6 22.Rae1 Ne5
23.Rf2 Qe8 24.Ref1 Rd7 25.fxe6 Qxe6 26.Nd5 Rdf7 27.Bxf6 Bxf6 28.Bh5 Ng6
29.Bxg6 hxg6 30.Qh6+ Kg8 31.Qxg6+ Bg7 32.Qxe6 {#r} 1-0

[Event "It (open) "]
[Site "Argentina"]
[Round "2"]
[White "Roca Alfredo (ARG)"]
[Black "Fernandez Jorge (ARG)"]
[Result "1-0"]
[WhiteElo "2385"]
[BlackElo "2264"]

1.c4 c5 2.Nc3 Nc6 3.Nf3 g6 4.e3 e5 5.d4 d6 6.dxc5 dxc5 7.Qxd8+ Kxd8 8.Bd2 Nge7
9.Ng5 Be6 10.Nce4 Nf5 11.Bc3 Ng7 12.O-O-O+ Kc7 13.Nf6 Rd8 14.Be2 Be7 15.Nxe6+
fxe6 16.Ng4 Rxd1+ 17.Rxd1 Rf8 18.Nxe5 Bf6 19.Nd7 {#r} 1-0

[Event "Ch Bayern (b)"]
[Site "Wildflecken (Germany)"]
[Round "0"]
[White "Sailer Wolfgang (GER)"]
[Black "Kuhn Norbert (GER)"]
[Result "1-0"]
[WhiteElo "2143"]
[BlackElo "2108"]

1.c4 c5 2.Nc3 Nc6 3.Nf3 g6 4.e3 Bg7 5.d4 cxd4 6.exd4 Nf6 7.d5 Nb8 8.Be2 O-O
9.O-O d6 10.Be3 Nbd7 11.Nd4 Nc5 12.Bf3 a5 13.h3 Nfd7 14.Qd2 f5 15.Ne6 Nxe6
16.dxe6 Nc5 17.Rfe1 Nxe6 18.Nd5 Ra6 19.Rab1 Kh8 20.b4 f4 21.Nxf4 Nxf4 22.Bxf4
axb4 23.Rxb4 Ra3 24.Rb3 Rxb3 25.axb3 e5 26.Bg5 Qb6 27.Be7 Re8 28.Qxd6 Qxb3
29.Bd5 Bf5 30.Bf6 Qc3 31.Rd1 Qb3 32.Bf7 Qa4 33.Qd8 {#r} 1-0

[Event "Ch Germany (juniors) (under 15)"]
[Site "Hamburg (Germany)"]
[Round "0"]
[White "Richter Christian (GER)"]
[Black "Keller Thomas (GER)"]
[Result "0-1"]
[WhiteElo "2366"]
[BlackElo "2316"]

1.c4 c5 2.Nc3 Nc6 3.Nf3 e6 4.e4 g6 5.d4 cxd4 6.Nxd4 a6 7.Nxc6 bxc6 8.Qd4 f6
9.f4 Qa5 10.a3 Bc5 11.Qd3 Ne7 12.Rb1 Qb6 13.Na4 Qa5+ 14.Nc3 Qb6 15.Na4 Bf2+
16.Ke2 Qd4 17.Kf3 Bb7 18.Be3 Bxe3 19.Qxe3 Qxe3+ 20.Kxe3 d6 21.b4 e5 22.Rd1
exf4+ 23.Kxf4 Rd8 24.Be2 Kf7 25.Rhe1 Rhe8 26.h3 Kg7 27.h4 h6 28.g4 g5+ 29.Kg3
gxh4+ 30.Kxh4 Ng6+ 31.Kg3 Rxe4 32.Bd3 Rxe1 33.Rxe1 Ne5 34.Re3 Kf7 35.Be2 Rg8
36.Kf4 Rg5 37.Nb6 Ng6+ 38.Kf3 a5 39.Kf2 axb4 40.axb4 Re5 41.Bd1 Rxe3 42.Kxe3
Ne5 43.Kf4 Nd3+ 44.Kf5 Nxb4 45.Nd7 Bc8 46.Bb3 Bxd7+ 47.Kf4 c5 48.Bd1 Nd3+
49.Kg3 Ne5 50.Be2 Be6 {#R} 0-1

[Event "It (open)"]
[Site "Paris (France)"]
[Round "4"]
[White "Lauer Ludovic (FRA)"]
[Black "Clech Jean-Louis (FRA)"]
[Result "1-0"]
[WhiteElo "2127"]
[BlackElo "1977"]

1.c4 c5 2.Nc3 Nc6 3.Nf3 g6 4.e3 Bg7 5.d4 Nf6 6.d5 Nb8 7.Be2 d6 8.O-O O-O 9.h3
a6 10.a4 Re8 11.e4 h6 12.Be3 Nbd7 13.Nd2 b6 14.f4 Nh7 15.Nf3 Rf8 16.Qd2 Bb7
17.Bd3 Qc7 18.Rac1 Rac8 19.g4 Kh8 20.h4 Rg8 21.g5 h5 22.Bf2 Rcf8 23.Bg3 Rc8
24.Kh1 Rgf8 25.Kh2 Kg8 26.e5 Qb8 27.f5 Nxe5 28.Nxe5 Bxe5 29.Bxe5 dxe5 30.fxg6
e4+ 31.Kg2 fxg6 32.Bxe4 Qc7 33.Qe2 Kg7 34.Bc2 Qd7 35.Qe5+ Kg8 36.Bxg6 Qg4+
37.Qg3 Rxf1 38.Rxf1 Rf8 39.Qxg4 {#r} 1-0

[Event "Tournament (team)"]
[Site "Santiago (Chile)"]
[Round "3"]
[White "Stawizsinski Walter (GER)"]
[Black "Godoy David A (CHI)"]
[Result "1-0"]
[WhiteElo "2018"]
[BlackElo "2339"]

1.c4 c5 2.Nc3 Nc6 3.Nf3 g6 4.b3 Bg7 5.Bb2 Nh6 6.e3 Nf5 7.Bd3 d6 8.a3 e6 9.h4
Ne5 10.Nxe5 dxe5 11.Bxf5 gxf5 12.d3 Bd7 13.Qe2 Qb6 14.Qc2 Bc6 15.f3 O-O-O
16.O-O-O Bh6 17.Rhe1 Rhg8 18.Re2 Rd4 19.Nb5 Bxb5 20.cxb5 Rd5 21.Qc4 Kb8 22.Kb1
Bg7 23.a4 Bh8 24.Bc3 Qd8 25.Red2 Qe7 26.a5 Bf6 27.h5 Rgd8 28.g3 Bh8 29.b6 a6
30.f4 f6 31.b4 Rc8 32.Rc1 Qd7 33.e4 fxe4 34.Qxe4 f5 35.Qc4 cxb4 36.Bxe5+ Bxe5
37.Qxc8+ Qxc8 38.Rxc8+ Kxc8 39.fxe5 Kd8 40.d4 Rxa5 41.g4 Rd5 42.Kb2 Kd7
43.gxf5 exf5 44.Kb3 Ke6 45.Kxb4 Rb5+ 46.Kc4 Rxb6 47.Rg2 Rc6+ 48.Kd3 Rc7 49.h6
b5 50.Rg8 b4 51.Re8+ Kd7 52.Ra8 Rc3+ 53.Kd2 Rc4 54.Ra7+ Kd8 55.Ke3 Rc3+ 56.Kf4
Rc7 57.Rxa6 Rb7 58.Ra2 b3 59.Rb2 Ke7 60.Kxf5 Rb4 61.d5 Rb5 62.d6+ Kf7 63.d7
Ke7 64.d8=Q+ Kxd8 65.Kf6 Ke8 66.e6 Rb7 67.Rg2 Kf8 68.Rg7 Rb6 69.Rxh7 Kg8
70.Rg7+ Kh8 71.Rg1 b2 72.Rb1 Kg8 73.Ke5 Kf8 74.Rf1+ Kg8 75.e7 Rb8 76.Kd6 Kh7
77.Kc7 Ra8 78.Rb1 Ra7+ 79.Kd6 Ra6+ 80.Ke5 Ra5+ 81.Kf6 Ra6+ 82.Kf7 {#r} 1-0

[Event "Ch NRW (qual)"]
[Site "Cologne (Germany)"]
[Round "0"]
[White "Loehr Franz (GER)"]
[Black "Goldenstein Arnd (GER)"]
[Result "1-0"]
[WhiteElo "1936"]
[BlackElo "2023"]

1.c4 c5 2.Nc3 Nc6 3.e4 Nf6 4.f4 d6 5.Nf3 Bg4 6.Be2 g6 7.O-O Bg7 8.h3 Bxf3
9.Bxf3 O-O 10.d3 Rb8 11.Bd2 e6 12.f5 exf5 13.exf5 Nb4 14.Bg5 h6 15.Bh4 g5
16.Bg3 Nd7 17.Bxd6 Qf6 18.Bxb8 Rxb8 19.Be4 Bf8 20.a3 Nc6 21.Bxc6 bxc6 22.Rb1
Bd6 23.Ne4 Qd4+ 24.Kh1 Bc7 25.Qh5 Qe5 26.g3 Rb3 27.Qxh6 Rxd3 28.Qxg5+ Kf8
29.Rbe1 {#r} 1-0

[Event "It (cat.3)"]
[Site "Eger (Hungary)"]
[Round "9"]
[White "Nickl Klaus (AUT)"]
[Black "Weiss Leo (AUT)"]
[Result "1-0"]
[WhiteElo "2047"]
[BlackElo "2160"]

1.c4 c5 2.Nc3 Nc6 3.Nf3 g6 4.e3 Nf6 5.d4 cxd4 6.exd4 d6 7.d5 Nb8 8.Be3 Bg7
9.Be2 O-O 10.O-O Nbd7 11.Rc1 a5 12.h3 h6 13.Qd2 Kh7 14.Bd3 Ne5 15.Be2 Bd7
16.Nd4 Rc8 17.b3 Be8 18.f4 Ned7 19.Bd3 Nc5 20.Bb1 e5 21.fxe5 dxe5 22.Nf3 Nh5
23.Qf2 b6 24.Ne2 Qd6 25.Qh4 Bd7 26.Qxh5 e4 27.Qh4 exf3 28.Rxf3 Rce8 29.Qf2 Re7
30.Ng3 Rfe8 31.Bd2 f5 32.Nf1 Re2 33.Qg3 Qxg3 34.Rxg3 Ne4 35.Rd3 Bf8 36.Be3 Nc5
37.Bxc5 Bxc5+ 38.Kh2 Rb2 39.Rd2 Bd6+ 40.Kg1 Re2 41.Rcd1 Kg7 42.Bd3 Bc5+ 43.Kh1
Rexd2 44.Rxd2 Ba3 45.Kh2 Kf6 46.Rxb2 Bxb2 47.Ne3 Ke5 48.c5 Bd4 49.Nc4+ Kxd5
50.Nxb6+ Kc6 51.Nc4 Bc3 52.Nb6 Be6 53.Na4 Bd4 54.h4 g5 55.hxg5 hxg5 56.Kg3 f4+
57.Kf3 Bd5+ 58.Be4 Be5 59.Bxd5+ Kxd5 60.Kg4 Bf6 61.Nb6+ Kc6 62.Nc4 Bd8 63.a3
Kxc5 64.Nxa5 Kd5 65.Nc4 Kd4 66.a4 Kc5 67.Ne5 Bc7 68.Nd3+ Kd4 69.Nb4 Bd6
70.Nc6+ Kc5 71.Nd8 Kb4 72.Kf5 Kxb3 73.a5 Kc4 74.a6 Bc5 75.Nc6 Kd3 76.Kxg5 Ke3
77.Ne5 Ba7 78.Kg4 Kf2 79.Kh3 Ke3 80.Kh2 Kf2 81.Kh3 Ke3 82.Kg4 Kf2 83.Kxf4 Kxg2
84.Ke4 Kf2 85.Kd5 Ke3 86.Kc6 Ke4 87.Nd7 {#r} 1-0

[Event "Ch Spain (team)"]
[Site "Spain"]
[Round "0"]
[White "Elguezabal Varela Daniel (ARG)"]
[Black "Bellon Lopez Juan Manuel (ESP)"]
[Result "0-1"]
[WhiteElo "2363"]
[BlackElo "2415"]

1.c4 c5 2.Nc3 Nc6 3.Nf3 e5 4.e3 Nf6 5.d4 cxd4 6.exd4 e4 7.Ng5 Bb4 8.d5 Ne5
9.Be2 h6 10.Qd4 d6 11.Nxe4 Nxe4 12.Qxe4 O-O 13.O-O f5 14.Qc2 f4 15.f3 Bc5+
16.Kh1 Qh4 17.Ne4 Rf5 18.g4 fxg3 19.Nxg3 Qh3 20.Qe4 Bd7 21.f4 Ng6 22.Nxf5 Bxf5
23.Qg2 Nh4 24.Qxh3 Bxh3 25.Rg1 Re8 26.Bh5 Bg2+ {#R} 0-1

[Event "Ch Slovakia"]
[Site "Topolcianky (Slovakia)"]
[Round "9"]
[White "Koval Daniel (SVK)"]
[Black "Janos Jozef (SVK)"]
[Result "1-0"]
[WhiteElo "2043"]
[BlackElo "2133"]

1.c4 c5 2.Nc3 Nc6 3.Nf3 g6 4.d4 cxd4 5.Nxd4 Bg7 6.Nxc6 bxc6 7.e4 Nf6 8.Be2 O-O
9.O-O d6 10.Be3 Be6 11.Qa4 Qc8 12.Rfd1 Nd7 13.Qc2 Qb7 14.b3 f5 15.exf5 Bxf5
16.Qd2 Nf6 17.f3 Rad8 18.Rac1 Kh8 19.Qe1 e5 20.Qh4 d5 21.cxd5 cxd5 22.Bc5 Rfe8
23.Nb5 Qb8 24.Bxa7 Qa8 25.a4 e4 26.Bd4 Ng8 27.Nc7 Bxd4+ 28.Rxd4 Qa7 29.Nb5 Qg7
30.Qf4 Rc8 31.Rc7 Rxc7 32.Qxc7 Re7 33.Qc3 exf3 34.Bxf3 Be4 35.Bxe4 dxe4 36.Rc4
e3 37.Qxg7+ Rxg7 38.Re4 Rd7 39.Rxe3 Nf6 40.h3 Kg7 41.Kf2 Nd5 42.Rd3 Rf7+
43.Rf3 Rd7 44.Nd4 Re7 45.Nc6 Rc7 46.Nd4 Re7 47.Nc2 Rc7 48.Ne3 Nc3 49.Nc4 Nxa4
50.bxa4 Rxc4 51.Ra3 Kf6 52.a5 Rc7 53.a6 Ra7 54.Ra5 Ke6 55.Ke3 Kd6 56.Ke4 Ke6
57.g4 Kd6 58.Kd4 Kc6 59.Ke5 Kb6 60.Ra3 Kc6 61.Kf6 Kd5 62.Ra5+ Kc4 63.Kg5 Kb4
64.Ra1 Kc3 65.Kh6 Kd4 66.Ra5 Ke4 67.Kg5 Kd4 68.h4 Ke4 69.Kf6 Kf4 70.Ra4+ Kg3
71.h5 {#r} 1-0

[Event "It"]
[Site "Mar del Plata (Argentina)"]
[Round "0"]
[White "Luchetti Pedro"]
[Black "Celestino Guillermo (ARG)"]
[Result "0-1"]
[WhiteElo "2110"]
[BlackElo "2139"]

1.c4 c5 2.Nc3 Nc6 3.Nf3 d6 4.d4 cxd4 5.Nxd4 Nf6 6.g3 g6 7.Nxc6 bxc6 8.Bg2 Bd7
9.Bg5 Bg7 10.Qa4 Qb8 11.Bxf6 Bxf6 12.Bxc6 Qxb2 13.Bxd7+ Kf8 14.O-O Qxc3
15.Rab1 h5 16.Qc6 Kg7 17.Qc7 Qe5 18.Rb7 h4 19.Bg4 Raf8 20.Rxa7 hxg3 21.hxg3
Qg5 22.Be6 Qh5 23.Kg2 Qxe2 24.Bxf7 Qe4+ 25.f3 Qe2+ 26.Rf2 Rh2+ 27.Kxh2 Qxf2+
28.Kh3 Rh8+ 29.Kg4 Qd4+ {#R} 0-1

[Event "Bundesliga (2nd) West 1993/94"]
[Site "Germany"]
[Round "0"]
[White "Wintzer Joachim (GER)"]
[Black "Goetz Ralph (GER)"]
[Result "1-0"]
[WhiteElo "2275"]
[BlackElo "2287"]

1.c4 c5 2.Nc3 Nc6 3.Nf3 g6 4.e3 Bg7 5.d4 d6 6.Be2 Nf6 7.d5 Na5 8.e4 O-O 9.h3
e6 10.O-O exd5 11.exd5 Bf5 12.Bd3 Bxd3 13.Qxd3 Qb6 14.Rb1 a6 15.b3 Rfe8 16.Bd2
Qc7 17.Rfe1 b6 18.Ng5 h6 19.Nge4 Nxe4 20.Nxe4 f5 21.Ng3 Nb7 22.Ne2 Qf7 23.Nf4
Rxe1+ 24.Rxe1 Be5 25.Ne6 Kh7 26.Bc3 Bxc3 27.Qxc3 b5 28.Qg3 Qf6 29.Nc7 Rf8
30.Re6 Qa1+ 31.Kh2 g5 32.Re7+ Kg8 33.h4 g4 34.Qe3 Qf6 35.h5 f4 36.Qe4 g3+
37.fxg3 fxg3+ 38.Kxg3 Qf2+ 39.Kh2 Qf4+ 40.Qxf4 Rxf4 41.Nxa6 bxc4 42.bxc4 Na5
43.Re6 Nxc4 44.Rxh6 Rd4 45.Nc7 Rd2 46.Ne8 Rxa2 47.Rg6+ Kh8 48.Nxd6 Ne3 49.Nf7+
Kh7 50.d6 Rd2 51.Ng5+ Kh8 52.Ne4 {#r} 1-0

[Event "It (open)"]
[Site "Quebec (Canada)"]
[Round "5"]
[White "Solomons Deon (RSA)"]
[Black "Leger Manon (CAN)"]
[Result "1-0"]
[WhiteElo "2156"]
[BlackElo "2080"]

1.c4 c5 2.Nc3 Nc6 3.Nf3 g6 4.e3 Bg7 5.d4 d6 6.d5 Ne5 7.Nxe5 Bxe5 8.Bd3 e6
9.O-O Ne7 10.f4 Bg7 11.e4 f5 12.dxe6 Bxe6 13.exf5 Nxf5 14.Re1 Kf7 15.Bxf5 Bxf5
16.Qd5+ Kf8 17.Nb5 b6 18.Nxd6 {#r} 1-0

[Event "It (open)"]
[Site "Erlangen (Germany)"]
[Round "1"]
[White "Kotz Reinhard (GER)"]
[Black "Holter Michael (GER)"]
[Result "0-1"]
[WhiteElo "2142"]
[BlackElo "2108"]

1.c4 c5 2.Nc3 Nc6 3.e3 g6 4.f4 Bg7 5.Nf3 e6 6.Be2 Nge7 7.b3 O-O 8.Bb2 d5
9.cxd5 exd5 10.O-O d4 11.Ne4 d3 12.Bxg7 Kxg7 13.Nxc5 dxe2 14.Qxe2 b6 15.Ne4
Nb4 16.Qc4 Nbd5 17.h3 Bf5 18.Nf2 Rc8 19.Qa6 Nc6 20.e4 Nc7 21.Qc4 Bd7 22.Qc3+
f6 23.d4 Ne7 24.Qd2 Bb5 25.Rfe1 Ba6 26.Rad1 f5 27.Qe3 fxe4 28.Qxe4 Ned5
29.Qe5+ Qf6 30.Ng4 Qxe5 31.fxe5 Ne6 32.Rd2 Rc3 33.Kf2 Bb7 34.Ne3 Nxe3 35.Rxe3
Rxe3 36.Kxe3 Bd5 37.Rd1 Rc8 38.Rd2 Rc3+ 39.Kf2 h6 40.Nh4 Ng5 41.Ke1 Ne4 42.Rb2
Kf7 43.Ke2 Bc6 44.Nf3 g5 45.Kf1 Ke6 46.Nd2 Nxd2+ 47.Rxd2 Be4 48.Rf2 Rc1+
49.Ke2 Rc2+ 50.Ke3 Rxf2 51.Kxf2 Kd5 52.Kg3 Bf5 53.Kf3 Kxd4 {#R} 0-1

[Event "It (open) "]
[Site "Berlin (Germany)"]
[Round "0"]
[White "Pigusov Evgeny (RUS)"]
[Black "Horvath Tamas I (HUN)"]
[Result "1-0"]
[WhiteElo "2575"]
[BlackElo "2318"]

1.Nf3 c5 2.c4 Nc6 3.Nc3 Nd4 4.Ng1 Nc6 5.e3 g6 6.d4 Bg7 7.d5 Na5 8.e4 d6 9.Bd3
Nf6 10.h3 O-O 11.Nf3 Bd7 12.O-O a6 13.Rb1 b5 14.b3 Rb8 15.Bd2 Qc7 16.Qe2 bxc4
17.bxc4 Nh5 18.Rfc1 e5 19.Qd1 h6 20.Ne2 Nb7 21.Rb3 Ra8 22.Rcb1 Ra7 23.Qc1 Kh7
24.Qb2 Bc8 25.Rb6 f5 26.Rc6 Qd8 27.Qb6 fxe4 28.Bxe4 Qxb6 29.Rbxb6 Nf6 30.Ng3
Nxe4 31.Nxe4 Bf5 32.Ng3 Bd3 33.Rc7 Rb8 34.Nh2 Bxc4 35.Ng4 Nd8 36.Rxg7+ Kxg7
37.Bxh6+ Kf7 38.Rxb8 Rd7 39.Ne4 Bxd5 40.Nef6 {#r} 1-0